000 00334nam a2200133Ia 4500
008 240624s9999 xx 000 0 und d
041 _aeng
082 _a823 DAH
100 _aDAHL ROALD
245 _aCHARLIE AND THE CHOCOLATE FACTORY
260 _c2014
_aNew Delhi
_bPuffin Books
300 _a179 : p. : cm. ; 19
365 _cRS
_b25
999 _c23817
_d23817